|
|
|
|
| LEADER |
00000cab a2200000 ar4500 |
| 001 |
vtls009292034 |
| 003 |
SK-MaSNL |
| 005 |
20260303204126.0 |
| 008 |
080505c2008 xo er|p|||||||000 ||slo |
| 038 |
|
|
|a PPPK
|
| 040 |
|
|
|a PPPKCL
|b slo
|c PPPK
|e AACR2
|
| 041 |
0 |
|
|a slo
|
| 044 |
|
|
|a xo
|c SK
|
| 080 |
|
|
|a 721:904
|2 1997
|
| 080 |
|
|
|a 904:721
|2 1997
|
| 245 |
0 |
0 |
|a Po Alici sa zľahla zem
|c [autor] (pet) ; foto: luci
|
| 300 |
|
|
|b Fotogr.
|
| 610 |
2 |
7 |
|a Vila Alica (Starý Smokovec, Slovensko)
|x rekonštrukcia
|2 pppkcl
|9 1043224
|
| 650 |
0 |
7 |
|a historické budovy
|x rekonštrukcia
|2 pppkcl
|9 1046005
|
| 651 |
|
7 |
|a Starý Smokovec (Vysoké Tatry, Slovensko)
|2 pppkcl
|9 160864
|
| 651 |
|
7 |
|a Vysoké Tatry (Poľsko a Slovensko : pohorie)
|2 pppkcl
|9 67729
|
| 773 |
0 |
|
|t Tatranský dvojtýždenník
|g Roč. XIX, č. 4 (2008), s. 2
|
| 852 |
|
|
|a PPPK
|b KIS3GCP
|
| 999 |
|
|
|c 2188554
|d 2190484
|